|
|
|
|
| LEADER |
01697nam a2200349 a 4500 |
| 001 |
14411165 |
| 003 |
BD-DhAAL |
| 005 |
20250703115227.0 |
| 008 |
091113s2009 cauab b 000 0 eng d |
| 010 |
|
|
|a 2006019605
|
| 020 |
|
|
|a 9788178299150
|
| 020 |
|
|
|a 1412941040 (pbk.)
|
| 020 |
|
|
|a 9781412941044 (pbk.)
|
| 040 |
|
|
|a DLC
|c DLC
|d BAKER
|d BTCTA
|d UKM
|d C#P
|d YDXCP
|d DLC
|d BD-DhAAL
|
| 082 |
0 |
0 |
|a 658.1/62
|2 22
|
| 100 |
1 |
|
|a Boeh, Kevin K.
|9 58638
|
| 245 |
1 |
0 |
|a Mergers and acquisitions :
|b text and cases /
|c Kevin K. Boeh, Paul W. Beamish.
|
| 260 |
|
|
|a Thousand Oaks ;
|a New Delhi :
|b SAGE Publications,
|c 2009.
|
| 300 |
|
|
|a xv, 444 pages :
|b ill., maps ;
|c 24 cm.
|
| 490 |
0 |
|
|a The Ivey casebook series
|
| 504 |
|
|
|a Includes bibliographical references.
|
| 526 |
|
|
|a BBS
|x Requisitioned by Faculties of BBS
Course name and no : N/A
|
| 541 |
1 |
|
|a Karim International
|e 00019574
|
| 650 |
|
0 |
|a Consolidation and merger of corporations.
|
| 650 |
|
0 |
|a Consolidation and merger of corporations
|v Case studies.
|9 58639
|
| 650 |
|
0 |
|a Management.
|
| 700 |
1 |
|
|a Beamish, Paul W.,
|d 1953-
|9 58640
|
| 852 |
4 |
|
|a Ayesha Abed Library
|j General Shelf
|
| 942 |
|
|
|2 ddc
|c BK
|
| 999 |
|
|
|c 5474
|d 5474
|
| 952 |
|
|
|0 0
|1 0
|2 ddc
|4 0
|6 658_162000000000000_BOE
|7 0
|9 5347
|a BRACUL
|b BRACUL
|c GEN
|d 2009-11-11
|e Karim Interantional
|l 1
|o 658.162 BOE
|p 3010019574
|r 2025-12-29
|s 2025-09-17
|t 1
|w 2009-11-12
|y BK
|x Requisitioned by Faculties of BBS. Course name and no. "not available".
|
| 952 |
|
|
|0 0
|1 0
|2 ddc
|4 0
|6 658_162000000000000_BOE_2009
|7 0
|9 5380
|a BRACUL
|b BRACUL
|c GEN
|d 2009-11-10
|e Karim International
|g 534.00
|l 0
|o 658.162 BOE
|p 3010019555
|r 2009-11-15
|t 2
|w 2009-11-15
|y BK
|x Requisitioned by Faculties of BBS. Course name and no. "not available".
|